[Event "WchT 8th"]
[Site "Ningbo"]
[Date "2011.07.25"]
[Round "8.1"]
[White "Aronian, Levon"]
[Black "Radjabov, Teimour"]
[Result "1/2-1/2"]
[WhiteElo "2805"]
[BlackElo "2744"]
[Annotator "Krasenkow,M"]
[PlyCount "66"]
[EventDate "2011.07.17"]
[EventType "team-tourn"]
[EventRounds "9"]
[EventCountry "CHN"]
[SourceTitle "CBM 144"]
[Source "ChessBase"]
[SourceDate "2011.09.16"]
[SourceVersion "1"]
[SourceVersionDate "2011.09.16"]
[SourceQuality "1"]
[WhiteTeam "Armenia"]
[BlackTeam "Azerbaijan"]
[WhiteTeamCountry "ARM"]
[BlackTeamCountry "AZE"]

1. d4 d5 2. c4 e6 3. Nc3 Be7 4. Nf3 Nf6 5. Bf4 O-O 6. e3 Nbd7 7. Qc2 c5 8. Rd1
{Grischuk played this rare move against Kramnik but didn't get any advantage.}
(8. cxd5) (8. dxc5) 8... cxd4 (8... Qa5 9. Nd2 (9. a3 Ne4 10. Bd3 cxd4 11. exd4
Ndf6 12. O-O Nxc3 13. bxc3 Bd7 14. Rb1 dxc4 15. Bxc4 Bc6 $11 {1-0 Shulman,Y 
(2568)-Saidy,A (2374)/Las Vegas 2001/EXT 2002 (35)}) 9... cxd4 10. exd4 dxc4
11. Nxc4 Qd8 12. Bd3 Nb6 13. O-O Bd7 14. Nxb6 Qxb6 15. d5 Kh8 16. dxe6 {
1/2 Grischuk,A (2747)-Kramnik,V (2785)/Kazan 2011/CBM 143/[Marin]}) 9. Rxd4 (9.
exd4 dxc4 10. Bxc4 Nb6 11. Bd3 (11. Bb3 Nbd5 12. Bg5 b6 13. O-O Bb7 14. Ne5 Rc8
15. Qd3 Nxc3 16. bxc3 Ne4 17. Bxe7 Qxe7 18. c4 Rfd8 $11 {1/2 Caoili,A (2309)
-Mkrtchian,L (2409)/Bled 2002/EXT 2003 (42)}) 11... Nbd5 12. Nxd5 exd5 13. Ne5
Bb4+ 14. Bd2 Bxd2+ 15. Qxd2 Bg4 16. f3 Bh5 17. O-O Qb6 18. Bf5 Rfe8 19. Rfe1
Bg6 $11 {1/2 Bromberger,S (2491)-Heinzel,O (2401)/Augsburg 2007/CBM 122 Extra 
(43)}) 9... Qa5 10. Bg3 (10. cxd5 Nxd5 11. Ra4 Qc5 12. Rc4 Qa5 13. Ra4 Qc5 $11
14. Bg5 $6 f6 15. Bh4 N7b6 $17 {0-1 Vanderhallen,N (2225)-Baert,A (2194)/
Belgium 2007/CBM 120 ext (54)}) 10... Nb6 11. Nd2 dxc4 12. Bxc4 Nxc4 (12...
Nfd5 13. O-O (13. Bd3 $5) 13... Nxc3 14. bxc3 Bf6 15. Nb3 Qh5 16. Be2 Qg6 17.
Bd3 Qh6 18. Re4 Bd7 19. c4 Rac8 20. c5 Nd5 $11 {0-1 Kovacevic,A (2558)-Kovacs,
A (2348)/Lechenicher SchachServer 2009/Telechess CBM 139 (38)}) 13. Nxc4 Qa6
14. O-O {White keeps some pressure in the centre so Black should play
accurately.} Bd7 (14... Nd5 $5 15. e4 (15. Nxd5 exd5 16. Ne5 Be6 {[%csl Rd4]})
(15. Rxd5 exd5 16. Nxd5 Bd8) 15... Nxc3 16. Qxc3 Qxa2 (16... f6 17. Qb3 $1) 17.
b4 Qa6 18. Rfd1 $44 {Black's extra pawn should enable him to equalise despite
White's obvious compensation.}) 15. Rfd1 (15. Bd6 $142 Bxd6 16. Nxd6 Bc6 17. e4
$1 {[%csl Rc6]} Qb6 18. Rfd1 $14 {- game}) 15... Bc6 (15... Nd5 $6 {is dubious
now due to} 16. Rxd5 $1 exd5 17. Nxd5 {e.g.} Bd8 18. Bd6 Re8 19. Nb4 Bf5 $1 (
19... Qb5 $2 20. Rd5) 20. Qb3 Qb5 21. Rd5 Qd7 22. Bc5 Qe6 23. Nd6 a5 $1 24. Re5
$1 (24. Nxe8 $143 axb4 25. Nd6 Bc2 $1 26. Qc4 b3 $1) 24... axb4 $1 (24... Qxe5
25. Qxf7+ Kh8 26. Nxe8 $18) 25. Rxe6 Bxe6 26. Qxb4 Rxa2 27. f4 Re7 28. Nxb7 $16
) 16. Bd6 Bxd6 17. Nxd6 Bd5 $1 ({If now} 17... Nd5 {then} 18. a3 $1 Rad8 (18...
Nxc3 19. Qxc3 Bd5 20. Nf5) 19. Nce4 {, and White maintains the pressure.}) 18.
Ndb5 Qb6 19. e4 $6 (19. Nxd5 $142 Nxd5 20. Nc3 $11) 19... Bc6 $6 {Missing} (
19... Bxe4 $1 20. Rxe4 (20. Nxe4 Nxe4 21. Qxe4 (21. Nc7 Rac8) 21... Qxb5 22.
Rb4 Rfd8 $1) 20... Nxe4 21. Qxe4 Rfd8 {, and it is White who must fight for
equality.}) 20. Nd6 (20. e5 $5 Nd5 21. Nxd5 Bxd5 22. Nc7 Rac8 23. Nxd5 Rxc2 (
23... exd5 24. Qd2 {[%csl Rd5]}) 24. Nxb6 axb6 25. Rb4 $14 {_|_}) 20... e5 (
20... Rfd8 $5 {[%cal Yf6e8]}) 21. R4d3 Rad8 22. h3 Rd7 23. Qd2 (23. Na4 $142 $1
Bxa4 24. Qxa4 Rfd8 25. Nc4 $1 Qe6 26. Nxe5 $1 Rxd3 27. Rxd3 {winning a pawn
although it is not easy to convert.}) 23... h6 $6 (23... Rfd8 $142 24. Qg5 Bxe4
$1) 24. Nf5 Rfd8 25. Nd5 Bxd5 26. exd5 $14 {[%csl Gd5]} Ne4 27. Qe2 $1 (27. Qe3
Nd6 28. Nxd6 Qxe3 29. Rxe3 Rxd6 30. Rxe5 Kf8 $11 {[%cal Yg7g6,Yf7f6]}) 27...
Nd6 28. Nxh6+ {[%mdl 640] This sacrifice is only enough for a draw.} (28. Qxe5
Nxf5 29. Qxf5 Qxb2 $11) (28. Rb3 $1 {was a useful intermediate move to push
Black's queen from b6:} Qa5 (28... Qc5 $143 29. Nxh6+ gxh6 30. Rg3+ Kf8 31.
Qxe5 Re8 32. Qf6 Re2 33. Qxh6+ Ke7 34. Qh4+ Kf8 35. Rc3 $1 $40) (28... Qc7 29.
Nxh6+ gxh6 30. Rg3+ Kf8 31. Qxe5) (28... Qa6 29. Nxh6+ gxh6 30. Rg3+ Kf8 31.
Qxe5 Re8 32. Qg7+ Ke7 33. Rc1 $40 Kd8 34. Qf6+ Rde7 (34... Ree7 35. Rg8+ Ne8
36. Rxe8+ Kxe8 37. Qh8#) 35. Rgc3 $18 {[%cal Rc3c6]}) 29. Nxh6+ $1 (29. Nxd6
Rxd6 30. Ra3 Qc5 31. Qxe5 Rxd5 32. Rxd5 Rxd5 33. Qe8+ Kh7 34. Qxf7 Rf5 35. Qxb7
Qxf2+ 36. Kh2 Qf4+ 37. Rg3 Rg5 38. Qf3 Qb8 {should be a draw}) 29... gxh6 30.
Rg3+ Kf8 31. Qxe5 Re8 32. Qf6 $40) 28... gxh6 29. Rg3+ Kf8 30. Qxe5 Re8 31. Qf6
(31. Qg7+ Ke7 32. Rb3 (32. Rc1 Rc7) 32... Qa6 {[%cal Ye7d8]} 33. Rc1 Kd8 34.
Qf6+ Ree7 {, and Black holds on}) (31. Qf4 $6 Ne4) 31... Ne4 $1 {That's the
difference! The h6-pawn is protected, and White must give a perpetual.} 32.
Qh8+ Ke7 33. Qe5+ Kd8 1/2-1/2

[Event "FIDE World Cup"]
[Site "Khanty-Mansiysk"]
[Date "2011.08.29"]
[Round "1.2"]
[White "Radjabov, Teimour"]
[Black "De la Paz Perdomo, Frank"]
[Result "1-0"]
[WhiteElo "2744"]
[BlackElo "2477"]
[PlyCount "83"]
[EventDate "2011.08.28"]
[EventType "k.o."]
[EventRounds "7"]
[EventCountry "RUS"]
[SourceTitle "CBM 145"]
[Source "ChessBase"]
[SourceDate "2011.11.11"]
[SourceVersion "1"]
[SourceVersionDate "2011.11.11"]
[SourceQuality "1"]

1. e4 e5 2. Nf3 Nc6 3. d4 exd4 4. Nxd4 Bc5 5. Nb3 Bb6 6. Nc3 Nge7 7. Bg5 f6 8.
Bh4 O-O 9. Qd2 d6 10. O-O-O Kh8 11. f4 a5 12. Bb5 Be6 13. Kb1 Na7 14. Ba4 c6
15. f5 Bc8 16. g4 Bc7 17. Nd4 b5 18. Bb3 a4 19. Ne6 Bxe6 20. Bxe6 b4 21. Ne2
Nb5 22. g5 fxg5 23. Qxg5 Ng8 24. Qg3 d5 25. Bxd8 Bxg3 26. hxg3 Rfxd8 27. Nf4 h6
28. exd5 cxd5 29. Nxd5 a3 30. Nxb4 Rdb8 31. Bb3 axb2 32. Kxb2 Nf6 33. Rh4 Rb6
34. Nd5 Rd6 35. Rb4 Na7 36. Ra4 Nd7 37. Ra5 Ne5 38. Re1 Nec6 39. Ra6 Rb8 40.
Ne7 Rf6 41. Nxc6 Nxc6 42. Re6 1-0

[Event "FIDE World Cup"]
[Site "Khanty-Mansiysk"]
[Date "2011.08.31"]
[Round "2.1"]
[White "Radjabov, Teimour"]
[Black "Negi, Parimarjan"]
[Result "1-0"]
[WhiteElo "2744"]
[BlackElo "2642"]
[PlyCount "83"]
[EventDate "2011.08.28"]
[EventType "k.o."]
[EventRounds "7"]
[EventCountry "RUS"]
[SourceTitle "CBM 145"]
[Source "ChessBase"]
[SourceDate "2011.11.11"]
[SourceVersion "1"]
[SourceVersionDate "2011.11.11"]
[SourceQuality "1"]

1. Nf3 Nf6 2. c4 e6 3. g3 d5 4. Bg2 dxc4 5. Qa4+ c6 6. Qxc4 b5 7. Qc2 Bb7 8.
O-O Nbd7 9. Nc3 Be7 10. e4 b4 11. Na4 c5 12. d3 Rc8 13. b3 Nb6 14. Nb2 O-O 15.
Bf4 Nh5 16. Be3 Qc7 17. a3 a5 18. Rfc1 Rfd8 19. Qe2 e5 20. Bh3 Ra8 21. Qc2 Bc8
22. Bxc8 Rdxc8 23. Nc4 Nd7 24. Qa2 Rab8 25. Qb2 f6 26. Bd2 g6 27. Ne1 Nf8 28.
Ne3 Qd8 29. Nd5 Ne6 30. axb4 axb4 31. Ra7 Bd6 32. Nc2 f5 33. Nce3 Nd4 34. Rca1
f4 35. Nc4 Nf6 36. R1a6 Rc6 37. Rxc6 Nxc6 38. Ra6 Rc8 39. Nxf6+ Qxf6 40. Bxf4
Qe6 41. Be3 Bf8 42. Na5 1-0

[Event "FIDE World Cup"]
[Site "Khanty-Mansiysk"]
[Date "2011.09.01"]
[Round "2.2"]
[White "Negi, Parimarjan"]
[Black "Radjabov, Teimour"]
[Result "1/2-1/2"]
[WhiteElo "2642"]
[BlackElo "2744"]
[PlyCount "25"]
[EventDate "2011.08.28"]
[EventType "k.o."]
[EventRounds "7"]
[EventCountry "RUS"]
[SourceTitle "CBM 145"]
[Source "ChessBase"]
[SourceDate "2011.11.11"]
[SourceVersion "1"]
[SourceVersionDate "2011.11.11"]
[SourceQuality "1"]

1. e4 e5 2. Nf3 Nc6 3. Bb5 a6 4. Ba4 Nf6 5. O-O Nxe4 6. d4 Be7 7. Re1 b5 8. d5
Nc5 9. dxc6 Nxa4 10. cxd7+ Qxd7 11. Nbd2 e4 12. Nxe4 Qxd1 13. Rxd1 1/2-1/2

[Event "FIDE World Cup"]
[Site "Khanty-Mansiysk"]
[Date "2011.09.03"]
[Round "3.1"]
[White "Bacrot, Etienne"]
[Black "Radjabov, Teimour"]
[Result "1/2-1/2"]
[WhiteElo "2710"]
[BlackElo "2744"]
[PlyCount "37"]
[EventDate "2011.08.28"]
[EventType "k.o."]
[EventRounds "7"]
[EventCountry "RUS"]
[SourceTitle "CBM 145"]
[Source "ChessBase"]
[SourceDate "2011.11.11"]
[SourceVersion "1"]
[SourceVersionDate "2011.11.11"]
[SourceQuality "1"]

1. d4 Nf6 2. c4 g6 3. Nc3 Bg7 4. e4 d6 5. Nf3 O-O 6. Be2 e5 7. O-O Nc6 8. d5
Ne7 9. b4 Nh5 10. Re1 f5 11. Ng5 Nf6 12. Bf3 c6 13. b5 cxd5 14. cxd5 h6 15. Ne6
Bxe6 16. dxe6 fxe4 17. Nxe4 Nxe4 18. Bxe4 d5 19. Ba3 1/2-1/2

[Event "FIDE World Cup"]
[Site "Khanty-Mansiysk"]
[Date "2011.09.04"]
[Round "3.2"]
[White "Radjabov, Teimour"]
[Black "Bacrot, Etienne"]
[Result "1-0"]
[WhiteElo "2744"]
[BlackElo "2710"]
[Annotator "Moradiabadi,E"]
[PlyCount "95"]
[EventDate "2011.08.28"]
[EventType "k.o."]
[EventRounds "7"]
[EventCountry "RUS"]
[SourceTitle "CBM 145"]
[Source "ChessBase"]
[SourceDate "2011.11.11"]
[SourceVersion "1"]
[SourceVersionDate "2011.11.11"]
[SourceQuality "1"]

1. e4 e5 2. Nf3 Nc6 3. Bc4 {Radjabov uses the Italian from time to time.} Bc5
4. d3 {White delays a direct attack, in order to prepare his pieces for that.
In general, this plan is not considered as a problematic one for Black.} Nf6 5.
O-O O-O 6. Nbd2 d5 {An odd choice by Bacrot. He tries to solve all his
problems drastically} (6... d6 7. c3 Bb6 8. Bb3 Ne7 9. h3 c6 10. Re1 Ng6 11. d4
h6 12. Bc2 Be6 13. Nf1 Qc7 14. Be3 Rad8 15. Qc1 Rfe8 16. Ng3 Qd7 17. a4 $1 $14
{1-0 Radjabov,T (2744)-Harikrishna,P (2669)/Ningbo 2011/CB29_2011 (38)}) 7.
exd5 Nxd5 8. Re1 Nf6 $5 {This is considered the best according to engines. It
must be the move for which Bacrot decided to enter this position.} 9. h3 Bd6 $6
{An unfortunate choice. Not long after this game, Bacrot improved his play:} (
9... a6 10. a3 (10. Nxe5 $2 Qd4 11. Qe2 Nxe5 12. Nb3 Qxf2+ 13. Qxf2 Bxf2+ 14.
Kxf2 Nxc4 15. dxc4 Bf5 $15) 10... b5 11. Ba2 Bb7 {e5 is still untouchable} 12.
Nf1 e4 13. dxe4 Qxd1 14. Rxd1 Nxe4 {the position is roughly equal} 15. Be3 Bd6
16. N1d2 Ne5 17. Nxe4 Bxe4 18. Nxe5 Bxe5 19. c3 Rfd8 20. Bg5 Rxd1+ 21. Rxd1 Bc6
22. Kf1 {1/2-1/2 Movsesian,S (2715)-Bacrot,E (2705)/Rogaska Slatina 2011/
CB39_2011}) 10. a3 $1 {This is the point! White has not weakened his pawn
structure yet, therefore, he frees a2 for his bishop and prepared a queenside
assault with b4.} a6 11. Ba2 Bf5 12. b4 Re8 13. Bb2 h6 14. Ne4 (14. Nc4 e4 {
This is the only move that might have stopped Radjabov from playing his move.
Otherwise, it is evident that after ...Nd7 White is clearly better.} 15. Nxd6
Qxd6 16. Nh4 Bh7 17. dxe4 Qxd1 18. Raxd1 Nxe4 {White is clearly better thanks
to his pair of bishops, on the other hand, it is not evident how White would
increase his pressure. Radjabov prefers to keep the queens on the board.})
14... Be6 15. Bxe6 Rxe6 16. c4 Nxe4 17. dxe4 a5 18. c5 Bf8 19. Qb3 axb4 20.
axb4 {Black has no evident weakness, nevertheless a plan!} Rxa1 21. Rxa1 b6 22.
b5 Nd4 23. Nxd4 exd4 24. Qd5 {The critical moment.} Qxd5 $4 {A horrible
miscalculation by Bacrot.} (24... Qg5 $1 {would have kept things in place for
Bacrot.} 25. c6 (25. cxb6 $2 Qxd5 26. exd5 Rxb6 $15 {White loses a pawn}) (25.
Bxd4 bxc5 26. Qxg5 hxg5 27. Bc3 Rxe4 28. Ra8 f6 29. Rc8 Ra4 $1 30. Rxc7 Ra3 31.
Be1 (31. Bd2 $4 Ra1+ 32. Kh2 Bd6+) 31... Rb3 32. Rb7 Bd6 33. Kf1 $11) 25... Bc5
26. Bxd4 Bxd4 27. Qxd4 Qxb5 28. Qd8+ Kh7 29. Qxc7 Qxc6 30. Qxf7 Qxe4 $11) 25.
exd5 Re5 26. d6 $1 Rxc5 27. Bxd4 {Black loses an exchange.} Bxd6 (27... Rc4 28.
dxc7 Rxc7 29. Bxb6 Rb7 30. Ra6 f6 31. g4 Kf7 32. Kg2 Ke6 33. Bc5+ Kf7 34. Bxf8
Kxf8 35. b6 Rb8 36. h4 {The endgame is just hopeless for Black.}) 28. Bxc5 Bxc5
29. Ra8+ Kh7 30. Kf1 Kg6 31. Re8 h5 32. Ke2 Kf5 33. g3 g6 34. Kf3 g5 35. g4+
hxg4+ 36. hxg4+ {White wins by creating a second weakness.} Kf6 37. Rg8 Be7 38.
Ke4 Ke6 39. Rh8 Bc5 40. Rh6+ f6 41. f4 $1 {FThe final and beautiful
breakthrough.} gxf4 42. g5 Be7 43. Kxf4 Bd6+ 44. Kg4 Be5 45. Kh5 Bd4 46. g6 f5
47. Rh7 f4 48. Rf7 {A neat game demonstrating good technique by Radjabov.} 1-0

[Event "FIDE World Cup"]
[Site "Khanty-Mansiysk"]
[Date "2011.09.07"]
[Round "4.2"]
[White "Jakovenko, Dmitrij"]
[Black "Radjabov, Teimour"]
[Result "1/2-1/2"]
[WhiteElo "2736"]
[BlackElo "2744"]
[PlyCount "51"]
[EventDate "2011.08.28"]
[EventType "k.o."]
[EventRounds "7"]
[EventCountry "RUS"]
[SourceTitle "CBM 145"]
[Source "ChessBase"]
[SourceDate "2011.11.11"]
[SourceVersion "1"]
[SourceVersionDate "2011.11.11"]
[SourceQuality "1"]

1. d4 Nf6 2. c4 g6 3. Nc3 Bg7 4. e4 d6 5. Be2 O-O 6. Bg5 a6 7. Nf3 Bg4 8. h3
Bxf3 9. Bxf3 Nfd7 10. d5 b5 11. cxb5 axb5 12. Nxb5 Bxb2 13. Rb1 Be5 14. Qc2 Nc5
15. O-O c6 16. dxc6 Nxc6 17. Be3 Qa5 18. Bxc5 dxc5 19. Qxc5 Rfc8 20. a3 Bd6 21.
Qd5 Bxa3 22. Nxa3 Qxa3 23. e5 Kg7 24. Bg4 e6 25. Bxe6 Ne7 26. Qd6 1/2-1/2

[Event "FIDE World Cup"]
[Site "Khanty-Mansiysk"]
[Date "2011.09.10"]
[Round "5.2"]
[White "Radjabov, Teimour"]
[Black "Ivanchuk, Vassily"]
[Result "1-0"]
[WhiteElo "2744"]
[BlackElo "2768"]
[Annotator "Moradiabadi,E"]
[PlyCount "55"]
[EventDate "2011.08.28"]
[EventType "k.o."]
[EventRounds "7"]
[EventCountry "RUS"]
[SourceTitle "CBM 145"]
[Source "ChessBase"]
[SourceDate "2011.11.11"]
[SourceVersion "1"]
[SourceVersionDate "2011.11.11"]
[SourceQuality "1"]

1. Nf3 c5 2. g3 g6 3. c4 Bg7 4. Bg2 Nc6 5. Nc3 ({Another recent high level
game saw} 5. O-O d6 6. Nc3 Nh6 $6 {This knight sortie's setbacks are more
obvious than its benefits. Black is aiming for the d4-square but if White
plays accurately, the knight is just misplaced on h6.} 7. a3 O-O 8. Rb1 a5 9.
d3 Nf5 10. Bd2 Bd7 11. Ne1 $1 Nfd4 {A superfluous piece on d4!} 12. e3 Ne6 13.
Nc2 a4 14. Nd5 Na5 15. Bc3 b5 16. Bxg7 Kxg7 17. cxb5 Bxb5 18. f4 {1-0 Wang Yue
(2734)-Shanava,K (2560)/Nakhchivan 2011/CB17_2011 (39). White seized the
initiative and eventually won the game.}) 5... e6 $5 {The setup Ivanchuk
chooses is more appealing, but it has its own drawback as well.} 6. d3 Nge7 7.
h4 $5 {This is one isuch drawback! White will play h5 as a result of Black's
knight being placed on e7.} h6 8. Bd2 b6 {An odd choice, which is not wrong
but gives White an additional choice. Other options are:} (8... d6 9. a3 a5 10.
Rb1 e5 11. Nh2 Be6 12. Nf1 O-O 13. Ne3 f5 14. Ned5 Rb8 15. O-O Kh7 16. b4 axb4
17. axb4 Nxb4 18. Nxb4 cxb4 19. Rxb4 f4 20. h5 $5 (20. Ne4 Nf5 21. e3 fxg3 22.
fxg3 b5 23. cxb5 {1/2-1/2 Predojevic,B (2617)-Melkumyan,H (2580)/Sarajevo 2011/
CB19_2011 (47)} (23. h5)) 20... gxh5 21. Qb1 $44 {[%csl Rb7][%cal Gb1h7]}) (
8... d5 9. cxd5 exd5 (9... Nxd5 $146 10. O-O b6 11. Qc1 $13) 10. Qc1 Bg4 11.
O-O Rc8 12. Re1 Kf8 13. Bf4 b6 14. Qd1 $13 (14. e4 $5 dxe4 15. Nh2 Be6 16. dxe4
Nd4 $13) 14... Kg8 15. Qa4 d4 {1/2-1/2 Lobron,E (2405)-Sosonko,G (2595)/Bad
Kissingen 1981/MCL (44)}) 9. h5 g5 10. Nxg5 $5 {For sure this was Radjabov's
intention, otherwise h5 was pointless.} hxg5 11. Bxg5 {Radjabov needed to win
this game in order to balance the match. Therefore he took all the drastic
measures in order to complicate things. In my opinion, Black should be ok but
the position is extremly complicated and hard to assess.} Bxc3+ $6 {A dubious
choice. This weakens the dark squares on the kingside.} (11... Bb7 12. h6 Be5 (
12... Bxc3+) (12... Bd4) 13. f4 (13. Ne4 Qc7 14. Nf6+ $8 (14. Qd2 $2 f5 $1 15.
Nf6+ Kf7 $17) 14... Bxf6 (14... Kf8 15. h7 Nf5 16. Qd2 Nb4 17. Be4 d5 18. Bxf5
exf5 19. d4 $1 Bxd4 20. Rh4 Qd6 21. Rxd4 cxd4 22. Bh4 $44) 15. Bxf6 Rh7 16. Be4
Ng6 17. Qd2 Nd4 18. O-O-O $44) 13... Bxc3+ 14. bxc3 {and Black is a tempo up
in comparison to the game.}) (11... Be5 12. f4 Bd4 13. e3 Bxe3 14. h6 Bb7 15.
h7 d6 16. Bf6 Kd7 {The position remains completely unclear.}) 12. bxc3 Bb7 13.
Qd2 {The position is still unclear, however, things are different now: White
clearly has a dangerous initiative and it is Black who has to be more precise.}
Qc7 (13... f5 14. Bf6 Rh7 15. g4 $1 Qc7 16. g5 Ng8 17. g6 Nxf6 18. gxh7 Nxh7
19. Qh6 Qe5 20. Kd2 {and White is clearly better.}) 14. Bf6 O-O-O (14... Rh7
15. Be4 Ng8 16. Qg5 Nxf6 17. Qxf6 Qd8 18. Qxd8+ Nxd8 19. Bxh7 Bxh1 20. f3 $16)
15. O-O-O Rhg8 $2 16. Bxc6 $1 {This tactical nuance gives Radjabov a clear
advantage.} dxc6 $2 {The final mistake. Radjabov conducts the technical part
masterfully.} (16... Bxc6 17. Bxe7 Rde8 18. Bg5 Bxh1 19. Rxh1 f6 20. Be3 Qc6
21. Rh4 $16) 17. h6 Rg6 18. h7 Rxf6 19. h8=Q Rxh8 20. Rxh8+ Kd7 21. d4 $1 {
It is all over now!} Qd6 22. Qg5 Rf5 23. Qh4 cxd4 24. Rxd4 Rd5 25. cxd5 Qa3+
26. Kb1 cxd5 27. Rh7 Qxc3 28. Rxf7 {A superb achievment by Radjabov.} 1-0

[Event "FIDE World Cup"]
[Site "Khanty-Mansiysk"]
[Date "2011.09.11"]
[Round "5.3"]
[White "Radjabov, Teimour"]
[Black "Ivanchuk, Vassily"]
[Result "1/2-1/2"]
[WhiteElo "2744"]
[BlackElo "2768"]
[PlyCount "239"]
[EventDate "2011.08.28"]
[EventType "k.o."]
[EventRounds "7"]
[EventCountry "RUS"]
[SourceTitle "CBM 145"]
[Source "ChessBase"]
[SourceDate "2011.11.11"]
[SourceVersion "1"]
[SourceVersionDate "2011.11.11"]
[SourceQuality "1"]

1. Nf3 c5 2. c4 Nf6 3. Nc3 Nc6 4. g3 d6 5. Bg2 g6 6. a3 Bg7 7. Rb1 a5 8. O-O
O-O 9. d3 Rb8 10. Bd2 Bf5 11. h3 b6 12. Ne1 Qc8 13. Kh2 Nd4 14. e3 Nc6 15. f4
Bd7 16. Nf3 Ne8 17. g4 Nc7 18. a4 Nb4 19. Qe2 d5 20. e4 dxc4 21. dxc4 Ne6 22.
Nd5 Nxd5 23. exd5 Nd4 24. Nxd4 Bxd4 25. f5 Bxa4 26. Bh6 Qc7+ 27. Bf4 Qa7 28. b3
Bd7 29. Bxb8 Qxb8+ 30. Kh1 Qd6 31. Rbe1 Re8 32. Qd2 gxf5 33. gxf5 Kh8 34. Re4
Rg8 35. Qe2 Bf6 36. Rg4 Rxg4 37. Qxg4 Bd4 38. Be4 Qh6 39. Qg3 f6 40. d6 Be5 41.
Qg2 Bxd6 42. Rg1 Qg5 43. Qxg5 fxg5 44. Rxg5 Be5 45. Bd5 Bg7 46. Kg2 a4 47. bxa4
Bxa4 48. Kf3 b5 49. cxb5 Bxb5 50. Rg1 Bd7 51. Ke4 Ba4 52. Kd3 Bd7 53. Ke4 Ba4
54. Kf3 Bc2 55. Kf4 Bd3 56. Be4 Bc4 57. Rb1 Bd4 58. Rb7 Bf6 59. Rc7 Bf1 60.
Rxc5 Bxh3 61. Rc1 h5 62. Bf3 Bg4 63. Bxg4 hxg4 64. Kxg4 Kg7 65. Kf4 Kf7 66. Rc6
Bd4 67. Ke4 Bb2 68. Rc2 Ba1 69. Rc6 Bb2 70. Kf4 Bd4 71. Kg5 Be3+ 72. Kg4 Bd2
73. Re6 Bc1 74. Kf3 Bd2 75. Ke4 Bc1 76. Kd5 Ba3 77. Kc6 Bb4 78. Kd7 Ba3 79. Kc6
Bb4 80. Kd5 Bc3 81. Ra6 Be1 82. Ke4 Bc3 83. Ra3 Bb2 84. Rh3 Bc1 85. Rb3 Bg5 86.
Rg3 Bc1 87. Rg2 e6 88. Rc2 exf5+ 89. Kxf5 Ba3 90. Rc7+ Ke8 91. Ke6 Kd8 92. Rc4
Bb2 93. Rc2 Ba3 94. Ra2 Bb4 95. Ra4 Be1 96. Rc4 Bg3 97. Rg4 Bh2 98. Rg7 Kc8 99.
Rd7 Bc7 100. Rd3 Bb8 101. Rc3+ Bc7 102. Ke7 Kb7 103. Kd7 Bb8 104. Rb3+ Ka8 105.
Kc6 Ba7 106. Kc7 Bg1 107. Rb8+ Ka7 108. Rb1 Bh2+ 109. Kc6 Be5 110. Re1 Bg3 111.
Ra1+ Kb8 112. Ra2 Bf4 113. Ra3 Bh2 114. Rb3+ Ka7 115. Rb7+ Ka8 116. Kb6 Bg1+
117. Ka6 Bh2 118. Rh7 Bg3 119. Rh8+ Bb8 120. Rc8 1/2-1/2